| Tag |
First Indicator |
Second Indicator |
Subfields |
| LEADER |
00000cam a2200000Ia 4500 |
| 001 |
in00002562011 |
| 005 |
20151201154211.0 |
| 007 |
hd bfv---baap |
| 007 |
he amv---bacp |
| 008 |
980109q18541856enka b 000 0 eng d |
| 035 |
|
|
|a (OCoLC)ocm38175178
|
| 037 |
|
|
|a CL0021000021
|b ProQuest Information and Learning, 300 N. Zeeb Rd., Ann Arbor, MI 48106-1346
|
| 040 |
|
|
|a OPP
|c OPP
|d UtOrBLW
|
| 043 |
|
|
|a e-uk---
|
| 049 |
|
|
|a OPPA
|
| 090 |
|
|
|a PZ5
|b .O67 1990 no.021:120.
|
| 245 |
0 |
0 |
|a Scenes from the war.
|
| 264 |
|
1 |
|a [London] :
|b Dean & Son,
|c [between 1854 and 1856]
|
| 300 |
|
|
|a 20 unnumbered pages :
|b illustrations
|
| 336 |
|
|
|a text
|b txt
|2 rdacontent
|
| 337 |
|
|
|a microform
|b h
|2 rdamedia
|
| 338 |
|
|
|a microfiche
|b he
|2 rdacarrier
|
| 490 |
1 |
|
|a Miss Mary Merryheart's series
|
| 500 |
|
|
|a Cover title.
|
| 500 |
|
|
|a Date of publication suggested by the Bodleian Library.
|
| 500 |
|
|
|a Print run on back cover: 4000, 10, 56.
|
| 500 |
|
|
|a Pagination irregular; publisher's catalog interspersed.
|
| 510 |
4 |
|
|a Opie
|c M 560
|
| 533 |
|
|
|a Microfiche.
|b Ann Arbor, Mich.
|c UMI,
|d 1996.
|e 1 microfiche.
|f (Opie collection of children's literature ; 021:120).
|7 s1996 miun b
|
| 500 |
|
|
|a Microform.
|
| 650 |
|
0 |
|a Crimean War, 1853-1856
|v Juvenile poetry.
|
| 610 |
1 |
0 |
|a Great Britain.
|b Army
|v Juvenile poetry.
|
| 830 |
|
0 |
|a Opie collection of children's literature ;
|v 021:120.
|
| 830 |
|
0 |
|a Miss Mary Merryheart's series.
|
| 999 |
|
|
|a MARS
|
| 999 |
f |
f |
|s dd53d7e8-868b-31d1-954b-b6db81f196b1
|i dc7ac184-4fed-31b7-a751-709ac604b53f
|t 0
|
| 952 |
f |
f |
|a Texas A&M University
|b College Station
|c Sterling C. Evans Library
|d Evans: Microforms Fiche (3rd floor)
|t 0
|e PZ5 .O67 1990 no.021:120.
|h Library of Congress classification
|
| 998 |
f |
f |
|a PZ5 .O67 1990 no.021:120.
|t 0
|l Evans: Microforms Fiche (3rd floor)
|